000 00313nam a2200109Ia 4500
008 171211s9999 xx 000 0 und d
245 _aWater Transmission and Distribution
245 _cLarry Mays
260 _c2010
650 _xEngineering and Technology
856 _uhttp://down.ebook777.com/064/1583217819.pdf
999 _c350307
_d350307